000 00455nam a2200157Ia 4500
008 160316s2012 xxu||||| |||| 00| 0 eng d
082 _a346.017000
_bDEV
100 _aDev Shampa
245 _aAn insight into the governing the human rights of the child relating to education
250 _a
260 _aNagpur
_bRTM Nagpur University
_c2012
300 _a17
_b
_c
365 _b
650 _a1. Human rights - laws 2. Child - education
700 _a
_a
999 _c36100
_d36100